|
|
|
|
| LEADER |
02369nam a2200457 i 4500 |
| 001 |
EBC1872852 |
| 003 |
MiAaPQ |
| 005 |
20200903223051.0 |
| 006 |
m o d | |
| 007 |
cr cnu|||||||| |
| 008 |
130610t20122012sz ad ob 101 0 eng|d |
| 020 |
|
|
|z 3037854073
|
| 020 |
|
|
|z 9783037854075 (pbk.)
|
| 020 |
|
|
|a 9783038138228
|q (electronic bk.)
|
| 035 |
|
|
|a (MiAaPQ)EBC1872852
|
| 035 |
|
|
|a (Au-PeEL)EBL1872852
|
| 035 |
|
|
|a (CaPaEBR)ebr10828187
|
| 035 |
|
|
|a (OCoLC)812542748
|
| 040 |
|
|
|a MiAaPQ
|b eng
|e rda
|e pn
|c MiAaPQ
|d MiAaPQ
|
| 050 |
|
4 |
|a TA401.3
|b .I58 2012
|
| 111 |
2 |
|
|a International Conference on Sport, Arts Materials and Management Science
|d (2012 :
|c Chongqing, China),
|j issuing body.
|
| 245 |
1 |
0 |
|a Sport, arts materials and management science :
|b selected, peer reviewed papers from the International Conference on Sport, Arts Materials and Management Science (SAMMS 2012), May 4-6, 2012, Chongqing, China /
|c edited by Wenjiang Du.
|
| 246 |
3 |
|
|a SAMMS 2012
|
| 264 |
|
1 |
|a Durnten-Zurich :
|b Trans Tech,
|c [2012]
|
| 264 |
|
4 |
|c 2012
|
| 300 |
|
|
|a 1 online resource (299 pages) :
|b illustrations (some color).
|
| 336 |
|
|
|a text
|2 rdacontent
|
| 337 |
|
|
|a computer
|2 rdamedia
|
| 338 |
|
|
|a online resource
|2 rdacarrier
|
| 490 |
1 |
|
|a Advanced materials research,
|x 1022-6680 ;
|v volume 507
|
| 504 |
|
|
|a Includes bibliographical references and indexes.
|
| 588 |
|
|
|a Description based on print version record.
|
| 590 |
|
|
|a Electronic reproduction. Ann Arbor, MI : ProQuest, 2016. Available via World Wide Web. Access may be limited to ProQuest affiliated libraries.
|
| 650 |
|
0 |
|a Materials science
|v Congresses.
|
| 650 |
|
0 |
|a Materials
|v Congresses.
|
| 655 |
|
4 |
|a Electronic books.
|
| 700 |
1 |
|
|a Du, Wenjiang.
|
| 776 |
0 |
8 |
|i Print version:
|a International Conference on Sport, Arts Materials and Management Science.
|t Sport, arts materials and management science : selected, peer reviewed papers from the International Conference on Sport, Arts Materials and Management Science (SAMMS 2012), May 4-6, 2012, Chongqing, China.
|d Durnten-Zurich : Trans Tech, [2012]
|h [a]-c, 293 pages ; 24 cm.
|k Advanced materials research ; volume 507
|z 9783037854075
|w (DLC)17770513
|
| 797 |
2 |
|
|a ProQuest (Firm)
|
| 830 |
|
0 |
|a Advanced materials research ;
|v v. 507.
|
| 856 |
4 |
0 |
|u https://ebookcentral.proquest.com/lib/matrademy/detail.action?docID=1872852
|z Click to View
|